000 00610cam a22002171 4500
001 ca 36000617
003 DLC
005 20260227111141.0
008 890517s1935 mau 000 0 eng
010 _aca 36000617
035 _a(OCoLC)19717736
040 _aDLC
_cRPB
_dRPB
_dDLC
042 _apremarc
050 0 0 _aPN6120.Z9
_bK22
082 _a812.5
100 1 _aKaser, Arthur LeRoy,
_d1890-1956.
245 1 0 _aGossip,
_ban entertainment for eight women,
_cby Jane Wheeler [pseud.]
260 _aBoston,
_bWalter H. Baker Company
_c[c1935]
300 _a19 p.
_c19 cm.
490 0 _aBakers̕ specialties
999 _c18109
_d18109